00797nam a2200253 a 450000100060000000300080000600500170001400800410003102000250007202000220009703500190011904000180013804100080015608200260016410000240019024500830021425000120029726000660030930000320037550400510040765000460045870000190050470000200052381528BD-RjUL20230619135024.0230619r20182011ii k b 001 0 eng  a9780198064510 (pbk.) a0198064519 (pbk.) a(BD-RjUL)81528 aDLCcDLCbeng aeng 223a658.162bAUM 20181 aAurora, Rajinder S.10aMergers and acquisitions /cRajinder S. Aurora, Kavita Shetty, Sharad R. Kale. a1st ed. aNew Delhi :bOxford University Pressc2011, [Impression 2018] axx, 380 p. :bill.;c24 cm. aIncludes bibliographical references and index. 0aConsolidation and merger of corporations.1 aShetty, Kavita1 aKale, Sharad R.